Crónica de la lengua castellana
Saved in:
| Hovedforfatter: | |
|---|---|
| Format: | Bog |
| Sprog: | spansk |
| Udgivet: |
Santiago
Universitaria
2010
|
| Udgivelse: | 1a. ed |
| Fag: | |
| Tags: |
Tilføj Tag
Ingen Tags, Vær først til at tagge denne postø!
|
MARC
| LEADER | 00000nam a2200000 a 4500 | ||
|---|---|---|---|
| 001 | UCG2162 | ||
| 003 | CL-VaPUC | ||
| 008 | 100617e20100100CL |||||||||||||||||spa|d | ||
| 020 | |a 9789561120976 | ||
| 082 | 0 | 4 | |a 460.9 |b CAM |2 21 |
| 100 | 0 | |a Camus Lineros, Emilio |e author |9 550526 | |
| 245 | 1 | 0 | |a Crónica de la lengua castellana |
| 250 | |a 1a. ed | ||
| 300 | |a 246 p | ||
| 942 | |c BK | ||
| 945 | |d 20100617 00:00:00 |a dcastane | ||
| 260 | |a Santiago |b Universitaria |c 2010 | ||
| 650 | 7 | |a IDIOMA ESPAÑOL HISTORIA |2 CL-VaPUC |9 550527 | |
| 650 | 0 | |a Lingüística |9 265068 | |
| 650 | 0 | |a Latín |9 269544 | |
| 583 | |a last modification |c 20100617 00:00:00 |k Rodrigo Vera | ||
| 999 | |c 341393 |d 341391 | ||
| 952 | |0 0 |1 0 |4 0 |6 460_900000000000000_CAM_2010 |7 0 |8 A |9 436830 |a FDOPOS |b FDOPOS |d 2019-11-22 |i 4686608 |o 460.9 CAM 2010 |p 4686608 |r 2025-01-22 |w 2019-11-22 |y BK |k DLA | ||